[Event "Verbandsliga Nordbaden 2324"]
[Site "Baden"]
[Date "2024.03.17"]
[Round "8.5"]
[White "Kistner, Klaus"]
[Black "Franke, Michael"]
[Result "1-0"]
[WhiteElo "2156"]
[BlackElo "2165"]
[PlyCount "77"]
[EventDate "2023.09.24"]
[EventType "team-tourn"]
[EventRounds "9"]
[EventCountry "GER"]
[SourceTitle "EXT 2025"]
[Source "ChessBase"]
[SourceDate "2024.10.14"]
[SourceVersion "1"]
[SourceVersionDate "2024.10.14"]
[SourceQuality "1"]
[WhiteTeam "Bad Mergentheim II"]
[BlackTeam "Eppingen II"]
[WhiteTeamCountry "GER"]
[BlackTeamCountry "GER"]

1. Nf3 d5 2. g3 Nf6 3. Bg2 e6 4. 0-0 c5 5. c4 dxc4 6. Na3 Be7 7. Nxc4 Nc6 8. Nfe5 Nxe5 9. Nxe5 0-0 10. d3 Nd7 11. Nxd7 Qxd7 12. Be3 Rb8 13. d4 b6 14. dxc5 bxc5 15. b3 Rd8 16. Qc2 Ba6 17. Rac1 Qb5 18. Rfe1 Rbc8 19. Be4 h6 20. Bh7+ Kh8 21. Bd3 Qc6 22. Red1 Bb7 23. f3 h5 24. Be4 Rxd1+ 25. Rxd1 Qc7 26. Bxb7 Qxb7 27. Qc4 Qc6 28. Rc1 h4 29. b4 hxg3 30. hxg3 Qc7 31. Kf2 Qe5 32. bxc5 Qh5 33. Kg2 Qe5 34. Qd3 Kg8 35. c6 Rd8 36. Bf4 Qa5 37. c7 Rxd3 38. exd3 Qxa2+ 39. Kh3 1-0

[Event "Verbandsliga Nordbaden 2223"]
[Site "Germany"]
[Date "2023.04.02"]
[Round "8.3"]
[White "Kistner, Klaus"]
[Black "Franke, Michael"]
[Result "1/2-1/2"]
[WhiteElo "2156"]
[BlackElo "2165"]
[PlyCount "53"]
[EventDate "2022.09.25"]
[EventType "team-tourn"]
[EventRounds "9"]
[EventCountry "GER"]
[SourceTitle "EXT 2024"]
[Source "ChessBase"]
[SourceDate "2023.10.10"]
[SourceVersion "1"]
[SourceVersionDate "2023.10.10"]
[SourceQuality "1"]
[WhiteTeam "Bad Mergentheim II"]
[BlackTeam "Eppingen II"]
[WhiteTeamCountry "GER"]
[BlackTeamCountry "GER"]

1. Nf3 Nf6 2. g3 g6 3. Bg2 Bg7 4. 0-0 0-0 5. c4 Nc6 6. Nc3 d6 7. d4 a6 8. b3 Rb8 9. d5 Na5 10. Bd2 c5 11. dxc6 Nxc6 12. Rc1 Bd7 13. Ne1 h5 14. Nd3 h4 15. c5 hxg3 16. hxg3 Ng4 17. cxd6 exd6 18. Nd5 Re8 19. Bc3 Qg5 20. N5f4 Qh6 21. Nh3 Nge5 22. Bd2 Qh8 23. Ng5 Nd4 24. Re1 Ng4 25. Nh3 Ne5 26. Ng5 Ng4 27. Nh3 1/2-1/2

[Event "Verbandsliga Nordbaden 1516"]
[Site "Baden"]
[Date "2016.03.20"]
[Round "8.2"]
[White "Franke, Michael"]
[Black "Bongartz, Philipp"]
[Result "0-1"]
[WhiteElo "2165"]
[BlackElo "2141"]
[PlyCount "136"]
[EventDate "2015.09.27"]
[EventType "team-tourn"]
[EventRounds "9"]
[EventCountry "GER"]
[SourceTitle "EXT 2022"]
[Source "ChessBase"]
[SourceDate "2021.10.06"]
[SourceVersion "1"]
[SourceVersionDate "2021.10.06"]
[SourceQuality "1"]
[WhiteTeam "Eppingen II"]
[BlackTeam "Leimen"]
[WhiteTeamCountry "GER"]
[BlackTeamCountry "GER"]

1. d4 d5 2. c4 e6 3. Nf3 c6 4. e3 Nd7 5. b3 Bd6 6. Bb2 Qe7 7. Nbd2 Ngf6 8. Be2 0-0 9. 0-0 e5 10. dxe5 Nxe5 11. cxd5 Nxd5 12. Nc4 Nxc4 13. Bxc4 Nf6 14. h3 Rd8 15. Qc2 h6 16. Rad1 Be6 17. Bd3 Bd5 18. Nh4 Be4 19. Bxe4 Qxe4 20. Qxe4 Nxe4 21. Rd4 Ng5 22. Nf5 Bf8 23. Rfd1 Ne6 24. Rd7 g6 25. Nh4 Rxd7 26. Rxd7 Nc5 27. Rd1 Be7 28. Nf3 Rd8 29. Rxd8+ Bxd8 30. Bd4 Nd3 31. Nd2 c5 32. Bc3 b5 33. a4 a6 34. Kf1 f5 35. axb5 axb5 36. Ke2 Nc1+ 37. Kd1 Nd3 38. Ke2 Nc1+ 39. Kd1 Na2 40. Be5 Kf7 41. e4 Bf6 42. Bxf6 Kxf6 43. exf5 Kxf5 44. Ke2 Nc3+ 45. Ke3 g5 46. g3 Nd5+ 47. Kd3 Nb4+ 48. Ke3 Ke5 49. h4 gxh4 50. Nf3+ Kd5 51. Nxh4 Nc2+ 52. Kd3 Nd4 53. b4 c4+ 54. Kc3 Ke4 55. Ng6 Ne2+ 56. Kd2 Nd4 57. Kc3 Nf5 58. g4 Nd6 59. Nh4 Kf4 60. f3 Nf7 61. Nf5 Kxf3 62. Nd4+ Kxg4 63. Nxb5 h5 64. Nd4 h4 65. Nc2 h3 66. Ne3+ Kf3 67. Nf1 Kf2 68. Nh2 Ne5 0-1

[Event "Verbandsliga Nord Baden 1314"]
[Site "Germany"]
[Date "2014.02.16"]
[Round "6.4"]
[White "Franke, Michael"]
[Black "Kistner, Klaus"]
[Result "1/2-1/2"]
[WhiteElo "2184"]
[BlackElo "2157"]
[PlyCount "68"]
[EventDate "2013.10.20"]
[EventType "team-tourn"]
[EventRounds "9"]
[EventCountry "GER"]
[SourceTitle "EXT 2015"]
[Source "ChessBase"]
[SourceDate "2014.11.20"]
[SourceVersion "1"]
[SourceVersionDate "2014.11.20"]
[SourceQuality "1"]
[WhiteTeam "Eppingen II"]
[BlackTeam "Bad Mergentheim II"]
[WhiteTeamCountry "GER"]
[BlackTeamCountry "GER"]

1. d4 Nf6 2. c4 c6 3. Nf3 d5 4. e3 e6 5. b3 Nbd7 6. Bd3 Bd6 7. Bb2 0-0 8. 0-0 Re8 9. Ne5 c5 10. Nd2 cxd4 11. exd4 dxc4 12. Ndxc4 Bf8 13. Qf3 Nb6 14. Ne3 Nbd5 15. Rac1 Bd7 16. Nxd5 exd5 17. Rc2 Be6 18. Bb5 Re7 19. Rfc1 Rc8 20. Rxc8 Bxc8 21. Qc3 Bd7 22. Nxd7 Nxd7 23. Ba3 Re6 24. Bxf8 Nxf8 25. g3 Qb6 26. Qc5 a6 27. Bf1 Qd8 28. Qc7 Qf6 29. Qxb7 Qxd4 30. Qc8 g6 31. Qc2 Rf6 32. Qc5 Qd2 33. Rc2 Qd1 34. Rc1 Qd2 1/2-1/2

[Event "Verbandsliga Nord Baden 1213"]
[Site "Baden"]
[Date "2013.02.17"]
[Round "6.4"]
[White "Franke, Michael"]
[Black "Krauss, Hans Peter"]
[Result "1/2-1/2"]
[WhiteElo "2184"]
[BlackElo "2218"]
[PlyCount "36"]
[EventDate "2012.10.21"]
[EventType "team-tourn"]
[EventRounds "9"]
[EventCountry "GER"]
[SourceTitle "EXT 2014"]
[Source "ChessBase"]
[SourceDate "2013.11.20"]
[SourceVersion "1"]
[SourceVersionDate "2013.11.20"]
[SourceQuality "1"]
[WhiteTeam "Eppingen II"]
[BlackTeam "Lindenhof"]
[WhiteTeamCountry "GER"]
[BlackTeamCountry "GER"]

1. Nf3 Nf6 2. c4 g6 3. Nc3 Bg7 4. e4 d6 5. d4 0-0 6. Be2 e5 7. d5 a5 8. 0-0 Na6 9. Be3 Ng4 10. Bg5 f6 11. Bd2 f5 12. Ng5 Nf6 13. exf5 gxf5 14. Na4 h6 15. Ne6 Bxe6 16. dxe6 Ne4 17. Be3 f4 18. Bc1 Qe8 1/2-1/2

[Event "Verbandsliga Nord Baden 1213"]
[Site "Baden"]
[Date "2012.11.18"]
[Round "2.3"]
[White "Schmidt, Horst"]
[Black "Franke, Michael"]
[Result "1/2-1/2"]
[WhiteElo "2168"]
[BlackElo "2184"]
[PlyCount "84"]
[EventDate "2012.10.21"]
[EventType "team-tourn"]
[EventRounds "9"]
[EventCountry "GER"]
[SourceTitle "EXT 2014"]
[Source "ChessBase"]
[SourceDate "2013.11.20"]
[SourceVersion "1"]
[SourceVersionDate "2013.11.20"]
[SourceQuality "1"]
[WhiteTeam "Bad Mergentheim II"]
[BlackTeam "Eppingen II"]
[WhiteTeamCountry "GER"]
[BlackTeamCountry "GER"]

1. e4 c6 2. d3 d5 3. Nd2 e5 4. Ngf3 Bd6 5. g3 Ne7 6. Bg2 0-0 7. c4 d4 8. c5 Bc7 9. Nc4 Nd7 10. b4 b6 11. Ba3 bxc5 12. bxc5 Ba5+ 13. Ke2 Bc3 14. Rb1 Ng6 15. Qa4 Qc7 16. h4 f5 17. exf5 Ne7 18. Nd6 Nd5 19. Ng5 N7f6 20. Be4 Ba5 21. Qc4 Rb8 22. Rb3 Bc3 23. Rhb1 Rxb3 24. Qxb3 h6 25. Nxc8 Qxc8 26. Ne6 Nxe4 27. dxe4 Qa6+ 28. Kf3 Qd3+ 29. Kg2 Qxe4+ 30. Kg1 Rxf5 31. Qb8+ Kh7 32. Qb7 Qg4 33. Qxc6 Nf4 34. Nxf4 exf4 35. Qe4 Qg6 36. h5 Qxh5 37. c6 fxg3 38. fxg3 Qg6 39. c7 Qxg3+ 40. Kh1 Qh3+ 41. Kg1 Qg3+ 42. Kh1 Qh3+ 1/2-1/2

[Event "Rheinland Pfalz op 4th"]
[Site "Altenkirchen"]
[Date "2012.06.09"]
[Round "6"]
[White "Franke, Michael"]
[Black "Remy, Jochen"]
[Result "1/2-1/2"]
[WhiteElo "2189"]
[BlackElo "1990"]
[PlyCount "36"]
[EventDate "2012.06.07"]
[EventType "swiss"]
[EventRounds "7"]
[EventCountry "GER"]
[SourceTitle "CBM 148 Extra"]
[Source "ChessBase"]
[SourceDate "2012.06.22"]
[SourceVersion "1"]
[SourceVersionDate "2012.06.22"]
[SourceQuality "1"]

1. Nf3 c5 2. c4 Nc6 3. g3 g6 4. Bg2 Bg7 5. Nc3 Nf6 6. 0-0 0-0 7. d3 d6 8. Bg5 h6 9. Bd2 Bd7 10. Qc1 Kh7 11. Re1 Rb8 12. h4 a6 13. a3 Nd4 14. Nxd4 cxd4 15. Nd5 Nxd5 16. cxd5 Rc8 17. Qb1 Qc7 18. Rc1 Qb8 1/2-1/2

[Event "Rheinland Pfalz op 4th"]
[Site "Altenkirchen"]
[Date "2012.06.08"]
[Round "4"]
[White "Franke, Michael"]
[Black "Hegermann, Frank"]
[Result "1/2-1/2"]
[WhiteElo "2189"]
[BlackElo "2142"]
[PlyCount "85"]
[EventDate "2012.06.07"]
[EventType "swiss"]
[EventRounds "7"]
[EventCountry "GER"]
[SourceTitle "CBM 148 Extra"]
[Source "ChessBase"]
[SourceDate "2012.06.22"]
[SourceVersion "1"]
[SourceVersionDate "2012.06.22"]
[SourceQuality "1"]

1. Nf3 Nf6 2. c4 g6 3. Nc3 d5 4. Qa4+ c6 5. cxd5 Nxd5 6. Nxd5 Qxd5 7. e4 Qd8 8. d4 Bg7 9. Be3 0-0 10. Be2 c5 11. Rd1 Bd7 12. Qa3 cxd4 13. Bxd4 Nc6 14. Bxg7 Kxg7 15. Qc3+ f6 16. e5 Qc7 17. 0-0 Rad8 18. b4 Qb8 19. exf6+ exf6 20. Rfe1 Be6 21. a3 Rxd1 22. Bxd1 Bd5 23. Bb3 Bxb3 24. Qxb3 Re8 25. Rd1 Re7 26. h3 a6 27. Qc4 Ne5 28. Nxe5 Qxe5 29. Qc8 Qc7 30. Qxc7 Rxc7 31. Rd3 Kf7 32. Kf1 Re7 33. Rd6 h5 34. g4 hxg4 35. hxg4 g5 36. Kg2 Rc7 37. Rd3 Ke6 38. Kg3 Rc4 39. Re3+ Kf7 40. Rd3 Ke7 41. Re3+ Kf7 42. Rd3 Ke7 43. Re3+ 1/2-1/2

[Event "Oberliga Baden 1112"]
[Site "Germany"]
[Date "2011.10.23"]
[Round "2.8"]
[White "Merklinger, Markus"]
[Black "Franke, Michael"]
[Result "0-1"]
[WhiteElo "2127"]
[BlackElo "2198"]
[PlyCount "114"]
[EventDate "2011.10.02"]
[EventType "team-tourn"]
[EventRounds "9"]
[EventCountry "GER"]
[SourceTitle "EXT 2013"]
[Source "ChessBase"]
[SourceDate "2012.11.22"]
[SourceVersion "1"]
[SourceVersionDate "2012.11.22"]
[SourceQuality "1"]
[WhiteTeam "Kuppenheim"]
[BlackTeam "Eppingen II"]
[WhiteTeamCountry "GER"]
[BlackTeamCountry "GER"]

1. e4 c6 2. d4 d5 3. f3 g6 4. Nc3 Bg7 5. Be3 dxe4 6. fxe4 Qb6 7. Na4 Qa5+ 8. c3 Nf6 9. e5 Ng4 10. Bf4 Qd5 11. Qf3 Qa5 12. Nc5 Qb6 13. Qe2 h5 14. Nf3 Na6 15. Nxa6 bxa6 16. Qd2 Bf5 17. Bc4 e6 18. 0-0 Rb8 19. b3 Rd8 20. Qe2 c5 21. Bxa6 cxd4 22. Qb5+ Qxb5 23. Bxb5+ Ke7 24. Bg5+ f6 25. exf6+ Bxf6 26. Bxf6+ Kxf6 27. Nxd4 e5 28. Nf3 Ne3 29. Rf2 Nd1 30. Rf1 Nxc3 31. Bc4 e4 32. Nh4 Rd2 33. a4 Rhd8 34. Rae1 Kg5 35. Nxf5 gxf5 36. Re3 Nd1 37. Rg3+ Kf6 38. h4 Ke5 39. Rg7 R8d7 40. Rg5 Ne3 41. Re1 Rd1 42. Rxd1 Rxd1+ 43. Kf2 Kd4 44. Rg7 Rd2+ 45. Be2 Ng4+ 46. Ke1 Ke3 47. Bxg4 fxg4 48. Rxa7 Rxg2 49. Kf1 Rb2 50. a5 Rxb3 51. a6 Ra3 52. Ra8 Kf3 53. Rf8+ Kg3 54. Ra8 Kh2 55. a7 g3 56. Rg8 Rxa7 57. Rg5 Ra2 0-1

[Event "Oberliga Baden 0910"]
[Site "Germany"]
[Date "2010.03.21"]
[Round "8.6"]
[White "Schlager, Thomas"]
[Black "Franke, Michael"]
[Result "0-1"]
[WhiteElo "2251"]
[BlackElo "2163"]
[PlyCount "96"]
[EventDate "2009.10.18"]
[EventType "team-tourn"]
[EventRounds "9"]
[EventCountry "GER"]
[SourceTitle "EXT 2011"]
[Source "ChessBase"]
[SourceDate "2010.11.26"]
[SourceVersion "1"]
[SourceVersionDate "2010.11.26"]
[SourceQuality "1"]
[WhiteTeam "Karlsruhe"]
[BlackTeam "Eppingen II"]
[WhiteTeamCountry "GER"]
[BlackTeamCountry "GER"]

1. d4 d5 2. c4 c6 3. Nf3 Nf6 4. Nc3 e6 5. e3 Nbd7 6. Bd3 dxc4 7. Bxc4 b5 8. Bb3 b4 9. Ne2 Bd6 10. Ng3 0-0 11. e4 e5 12. Nf5 Bc7 13. Qc2 Ba6 14. Bg5 exd4 15. N3xd4 Be5 16. Nxc6 Qb6 17. Be3 Qb7 18. f3 Kh8 19. Kf2 Rac8 20. Rac1 Bb5 21. Nfe7 Rc7 22. Bd5 Nxd5 23. exd5 Bd6 24. Nf5 Be5 25. Bd4 Bxd4+ 26. Nfxd4 Qb6 27. Kg3 Bxc6 28. Nxc6 f5 29. h3 Qe3 30. Rhe1 Qg5+ 31. Kh2 Nf6 32. Qd3 Rd7 33. Rc5 Nh5 34. Qe3 Qg3+ 35. Kh1 Nf4 36. Qd2 Nxg2 37. Rf1 Qxh3+ 38. Kg1 Nh4 39. Nd4 Qg3+ 40. Kh1 Qh3+ 41. Kg1 Rd6 42. Ne6 Qg3+ 43. Kh1 Nxf3 44. Rxf3 Qxf3+ 45. Kg1 Qg3+ 46. Kf1 Re8 47. Qd4 h6 48. Qc4 Rexe6 0-1

[Event "Oberliga Baden 0910"]
[Site "Germany"]
[Date "2010.02.28"]
[Round "7.6"]
[White "Franke, Michael"]
[Black "Cepo, Toni"]
[Result "1-0"]
[WhiteElo "2163"]
[BlackElo "2124"]
[PlyCount "119"]
[EventDate "2009.10.18"]
[EventType "team-tourn"]
[EventRounds "9"]
[EventCountry "GER"]
[SourceTitle "EXT 2011"]
[Source "ChessBase"]
[SourceDate "2010.11.26"]
[SourceVersion "1"]
[SourceVersionDate "2010.11.26"]
[SourceQuality "1"]
[WhiteTeam "Eppingen II"]
[BlackTeam "Waldshut"]
[WhiteTeamCountry "GER"]
[BlackTeamCountry "GER"]

1. Nf3 d5 2. d4 Nf6 3. c4 c6 4. e3 Bg4 5. Nc3 e6 6. h3 Bxf3 7. Qxf3 Bb4 8. Bd2 Nbd7 9. Bd3 Qe7 10. a3 Bd6 11. 0-0 0-0 12. e4 dxe4 13. Nxe4 Nxe4 14. Bxe4 Nf6 15. Bc2 Rfd8 16. Rad1 Rac8 17. Bg5 h6 18. Bh4 g5 19. Bg3 Bxg3 20. fxg3 Kg7 21. Rf2 Ng8 22. g4 Rc7 23. Qe4 Kf8 24. Rdf1 Qd6 25. d5 cxd5 26. cxd5 Qxd5 27. Qh7 Rdd7 28. Kh1 Qe5 29. Ba4 b5 30. Bb3 Qg7 31. Qe4 Ke8 32. a4 Rd4 33. Qa8+ Rd8 34. Qe4 Rd4 35. Qe2 Rdd7 36. axb5 Rd6 37. Qe4 Rd4 38. Qa8+ Rd8 39. Qe4 Rd4 40. Qe2 Rd6 41. b6 Rxb6 42. Ba4+ Kf8 43. Qe4 Rcb7 44. Rd2 Rb8 45. Qf3 Ne7 46. Rd7 Rxb2 47. Qa3 f5 48. gxf5 Rb1 49. Bd1 exf5 50. Qd6 Re8 51. Rxf5+ Kg8 52. Qe6+ Kh8 53. Rf7 Rb6 54. Qc4 Qe5 55. Qd3 Qe1+ 56. Rf1 Qe5 57. Bc2 Qg7 58. Rxa7 Re6 59. Qd7 Re2 60. Qxe8+ 1-0

[Event "Oberliga Baden 0910"]
[Site "Germany"]
[Date "2009.10.18"]
[Round "1.6"]
[White "Franke, Michael"]
[Black "Mueller, Olaf"]
[Result "1/2-1/2"]
[WhiteElo "2163"]
[BlackElo "2297"]
[PlyCount "105"]
[EventDate "2009.10.18"]
[EventType "team-tourn"]
[EventRounds "9"]
[EventCountry "GER"]
[SourceTitle "EXT 2011"]
[Source "ChessBase"]
[SourceDate "2010.11.26"]
[SourceVersion "1"]
[SourceVersionDate "2010.11.26"]
[SourceQuality "1"]
[WhiteTeam "Eppingen II"]
[BlackTeam "Kirchheim"]
[WhiteTeamCountry "GER"]
[BlackTeamCountry "GER"]

1. Nf3 Nf6 2. c4 e6 3. Nc3 Bb4 4. g3 c5 5. Bg2 0-0 6. 0-0 Nc6 7. Qc2 Qe7 8. d3 d6 9. a3 Ba5 10. Bf4 Bd7 11. Rfd1 h6 12. Rab1 Rac8 13. Bd2 d5 14. Na2 dxc4 15. dxc4 Bxd2 16. Qxd2 Rfd8 17. Nc3 Na5 18. Qf4 g5 19. Nxg5 Nh5 20. Qf3 Nxg3 21. Qxg3 Qxg5 22. Qxg5+ hxg5 23. Ne4 Bc6 24. Nd6 Rc7 25. Nb5 Rcd7 26. Rxd7 Rxd7 27. Nxa7 Bxg2 28. Kxg2 b6 29. Nb5 Nxc4 30. b4 Nd2 31. Rd1 cxb4 32. axb4 Rd5 33. Nc3 Rd4 34. f3 Kg7 35. Kf2 Nb3 36. Rxd4 Nxd4 37. b5 f5 38. Ke3 Nc2+ 39. Kd3 Na3 40. e3 Kf6 41. f4 g4 42. e4 Ke7 43. exf5 exf5 44. Nd5+ Ke6 45. Nxb6 Nxb5 46. Ke2 Nc3+ 47. Ke3 Kd6 48. Nc8+ Kd7 49. Kd4 Nd1 50. Ke5 Kxc8 51. Kxf5 Ne3+ 52. Kg5 Kd7 53. f5 1/2-1/2

[Event "Oberliga Baden 0809"]
[Site "Germany"]
[Date "2009.03.15"]
[Round "8.6"]
[White "Heuser, Philip"]
[Black "Franke, Michael"]
[Result "0-1"]
[WhiteElo "2116"]
[BlackElo "2142"]
[PlyCount "46"]
[EventDate "2008.10.05"]
[EventType "team-tourn"]
[EventRounds "9"]
[EventCountry "GER"]
[SourceTitle "EXT 2010"]
[Source "ChessBase"]
[SourceDate "2010.11.25"]
[SourceVersion "1"]
[SourceVersionDate "2010.11.25"]
[SourceQuality "1"]
[WhiteTeam "Kirchheim II"]
[BlackTeam "Eppingen II"]
[WhiteTeamCountry "GER"]
[BlackTeamCountry "GER"]

1. d4 d5 2. c4 c6 3. Nc3 Nf6 4. cxd5 cxd5 5. Bf4 a6 6. e3 e6 7. Bd3 Bd6 8. Bxd6 Qxd6 9. f4 Nc6 10. Rc1 h6 11. Nf3 Ng4 12. Qe2 Bd7 13. Ne5 Nf6 14. 0-0 h5 15. Qf3 Rd8 16. Qg3 Kf8 17. Qg5 h4 18. Rf3 Be8 19. g4 Ne4 20. Nxe4 dxe4 21. Bxe4 f6 22. Ng6+ Bxg6 23. Qxg6 Ne7 0-1

[Event "Oberliga Baden 0809"]
[Site "Germany"]
[Date "2008.11.30"]
[Round "3.5"]
[White "Franke, Michael"]
[Black "Nekrasov, Mihail"]
[Result "0-1"]
[WhiteElo "2142"]
[BlackElo "2372"]
[PlyCount "54"]
[EventDate "2008.10.05"]
[EventType "team-tourn"]
[EventRounds "9"]
[EventCountry "GER"]
[SourceTitle "EXT 2010"]
[Source "ChessBase"]
[SourceDate "2010.11.25"]
[SourceVersion "1"]
[SourceVersionDate "2010.11.25"]
[SourceQuality "1"]
[WhiteTeam "Eppingen II"]
[BlackTeam "Hockenheim"]
[WhiteTeamCountry "GER"]
[BlackTeamCountry "GER"]

1. d4 d5 2. c4 e6 3. Nf3 Nf6 4. g3 Be7 5. Bg2 0-0 6. 0-0 dxc4 7. Qc2 a6 8. Qxc4 b5 9. Qc2 Bb7 10. Bf4 Nc6 11. Rd1 Nb4 12. Qc1 Qc8 13. Nbd2 c5 14. dxc5 Bxc5 15. Nb3 Be7 16. Nbd4 Be4 17. Qd2 Qb7 18. Rdc1 Rac8 19. Bh3 Rfd8 20. Rxc8 Rxc8 21. Ng5 Rd8 22. Rc1 Nc6 23. Nxe4 Nxe4 24. Qe3 Rxd4 25. Bg2 f5 26. f3 Nc5 27. b4 Rxb4 0-1

[Event "GER-chT U20"]
[Site "Kelbra"]
[Date "2006.12.28"]
[Round "4.5"]
[White "Franke, Michael"]
[Black "Held, Florian"]
[Result "1-0"]
[WhiteElo "2129"]
[BlackElo "2052"]
[PlyCount "57"]
[EventDate "2006.12.27"]
[EventType "team-swiss"]
[EventRounds "7"]
[EventCountry "GER"]
[SourceTitle "EXT 2008"]
[Source "ChessBase"]
[SourceDate "2007.11.25"]
[SourceVersion "1"]
[SourceVersionDate "2007.11.25"]
[SourceQuality "1"]
[WhiteTeam "Eppingen U20"]
[BlackTeam "Hamburger SK U20"]
[WhiteTeamCountry "GER"]
[BlackTeamCountry "GER"]

1. d4 Nf6 2. c4 g6 3. Nf3 Bg7 4. g3 0-0 5. Bg2 d6 6. 0-0 Nc6 7. Nc3 a6 8. h3 Bd7 9. e4 e5 10. Be3 exd4 11. Nxd4 Ne5 12. b3 c5 13. Nde2 Qc7 14. f4 Nc6 15. Qd2 Rfd8 16. Rad1 Be8 17. g4 Qa5 18. g5 Nd7 19. h4 Nf8 20. h5 Ne6 21. hxg6 hxg6 22. f5 Ned4 23. f6 Bf8 24. Nd5 Nxe2+ 25. Qxe2 Ne5 26. a4 Rdb8 27. Rf4 Bd7 28. Bf3 b5 29. Rh4 1-0

[Event "NRW-ch U12"]
[Site "Kranenburg"]
[Date "2005.04.02"]
[Round "7"]
[White "Franke, Michael"]
[Black "Hendriks, Nicklas"]
[Result "0-1"]
[WhiteElo "1168"]
[BlackElo "1043"]
[PlyCount "53"]
[EventDate "2005.03.28"]
[EventType "swiss"]
[EventRounds "7"]
[EventCountry "GER"]
[SourceTitle "CBM 105 Extra"]
[Source "ChessBase"]
[SourceDate "2005.05.01"]
[SourceVersion "1"]
[SourceVersionDate "2005.05.01"]
[SourceQuality "1"]

1. d4 d5 2. Nf3 Nf6 3. e3 Bg4 4. Nbd2 Nbd7 5. Bd3 e5 6. dxe5 Nxe5 7. b3 Bb4 8. Be2 Bc3 9. Rb1 0-0 10. 0-0 Qd6 11. Nxe5 Bxe2 12. Qxe2 Bxe5 13. Nf3 Rfe8 14. Rd1 Ne4 15. Bd2 Bc3 16. Qd3 Qb4 17. a3 Qa5 18. b4 Qxa3 19. Rb3 Qa4 20. Bxc3 Qd7 21. Qd4 Nxc3 22. Qxc3 b6 23. Ng5 Rad8 24. h3 h6 25. Rxd5 Qe7 26. Rxd8 Qxd8 27. Nf3 0-1

[Event "NRW-ch U12"]
[Site "Kranenburg"]
[Date "2005.03.30"]
[Round "4"]
[White "Schreyer, Erik"]
[Black "Franke, Michael"]
[Result "1-0"]
[WhiteElo "1345"]
[BlackElo "1168"]
[PlyCount "61"]
[EventDate "2005.03.28"]
[EventType "swiss"]
[EventRounds "7"]
[EventCountry "GER"]
[SourceTitle "CBM 105 Extra"]
[Source "ChessBase"]
[SourceDate "2005.05.01"]
[SourceVersion "1"]
[SourceVersionDate "2005.05.01"]
[SourceQuality "1"]

1. e4 e5 2. Nf3 Nc6 3. d4 d6 4. dxe5 dxe5 5. Qxd8+ Kxd8 6. Bb5 Bd6 7. 0-0 Nf6 8. Nc3 Bd7 9. Bg5 Ke7 10. Nd5+ Ke8 11. Bxf6 gxf6 12. Nxf6+ Kd8 13. Nxd7 Kxd7 14. Rfd1 Ke7 15. Bxc6 bxc6 16. a3 Rhg8 17. b4 h5 18. c4 Ke6 19. h4 Raf8 20. Ng5+ Rxg5 21. hxg5 Rg8 22. Rd3 Be7 23. Rad1 a6 24. c5 Bxg5 25. Rd7 Rc8 26. R7d3 h4 27. g3 Rg8 28. Kh2 Rh8 29. Kg2 Rg8 30. Rd7 Rc8 31. Kh3 1-0